| 000 | 00450nam a22001817a 4500 | ||
|---|---|---|---|
| 003 | DO-SdBNP | ||
| 005 | 20220531084021.0 | ||
| 007 | ta | ||
| 008 | 210716b 2018 dr 00| 0 eng d | ||
| 020 | _a9789945091410 | ||
| 040 |
_aDO-SdBNP _bspa _cBNPHU |
||
| 082 | 4 | _aBNPHU | |
| 100 | 1 |
_aU.L.R.A. _979277 |
|
| 245 | 1 | 0 |
_aEl ateo que entrevistó a Dios / _cU.L.R.A. |
| 260 |
_aSanto Domingo : _bs. n. _c2018. |
||
| 300 |
_a95 p. ; _c22 cm. |
||
| 942 |
_2ddc _cLBS1 |
||
| 999 |
_c50135 _d50135 |
||